|
|
|
|
| LEADER |
01876cas a2200241 a 4500 |
| 001 |
AALejournalIMF011817 |
| 008 |
230101c9999 xx r poo 0 0eng d |
| 020 |
|
|
|c 5.00 USD
|
| 020 |
|
|
|z 9781475503081
|
| 022 |
|
|
|a 1934-7685
|
| 040 |
|
|
|a BD-DhAAL
|c BD-DhAAL
|
| 110 |
2 |
|
|a International Monetary Fund.
|
| 245 |
1 |
0 |
|a India :
|b 2012 Article IV Consultation-Staff Report; Staff Statement and Supplements; Public Information Notice on the Executive Board Discussion; and Statement by the Executive Director for India.
|
| 264 |
|
1 |
|a Washington, D.C. :
|b International Monetary Fund,
|c 2012.
|
| 300 |
|
|
|a 1 online resource (69 pages)
|
| 490 |
1 |
|
|a IMF Staff Country Reports
|
| 500 |
|
|
|a <strong>Off-Campus Access:</strong> No User ID or Password Required
|
| 500 |
|
|
|a <strong>On-Campus Access:</strong> No User ID or Password Required
|
| 506 |
|
|
|a Electronic access restricted to authorized BRAC University faculty, staff and students
|
| 520 |
3 |
|
|a This Article IV Consultation reports that India's growth remains relatively high, but various factors, including the unsettled global outlook and slow government decision making, have weighed on investment. Inflation has moderated, leading the Reserve Bank of India (RBI) to pause monetary tightening, but remains elevated. The slow pace of fiscal consolidation has added to demand pressures. Ensuring sustainable growth will require reinvigorating the structural agenda, rather than relying on monetary and fiscal stimulus. Measures to facilitate infrastructure investment, reform the financial sector and labor markets, and address agricultural productivity and skills mismatches stand out.
|
| 538 |
|
|
|a Mode of access: Internet
|
| 830 |
|
0 |
|a IMF Staff Country Reports; Country Report ;
|v No. 2012/096
|
| 856 |
4 |
0 |
|z Full text available on IMF
|u http://elibrary.imf.org/view/journals/002/2012/096/002.2012.issue-096-en.xml
|z IMF e-Library
|